<?xml version="1.0" encoding="UTF-8"?>
<collection xmlns="http://www.loc.gov/MARC21/slim">
<record>
  <controlfield tag="001">167473</controlfield>
  <controlfield tag="005">20260121151437.0</controlfield>
  <datafield tag="037" ind1=" " ind2=" ">
    <subfield code="a">TAZ-TFG-2025-372</subfield>
  </datafield>
  <datafield tag="041" ind1=" " ind2=" ">
    <subfield code="a">spa</subfield>
  </datafield>
  <datafield tag="100" ind1="1" ind2=" ">
    <subfield code="a">Lafuente Martín, Blanca</subfield>
  </datafield>
  <datafield tag="242" ind1="0" ind2="0">
    <subfield code="a">Nursing role in health education for a patient with multiple sclerosis: bibliographic review.</subfield>
  </datafield>
  <datafield tag="245" ind1="0" ind2="0">
    <subfield code="a">Papel de enfermería en la educación sanitaria a un paciente con esclerosis múltiple: revisión bibliográfica.</subfield>
  </datafield>
  <datafield tag="260" ind1=" " ind2=" ">
    <subfield code="a">Zaragoza</subfield>
    <subfield code="b">Universidad de Zaragoza</subfield>
    <subfield code="c">2025</subfield>
  </datafield>
  <datafield tag="506" ind1=" " ind2=" ">
    <subfield code="a">by-nc-sa</subfield>
    <subfield code="b">Creative Commons</subfield>
    <subfield code="c">3.0</subfield>
    <subfield code="u">http://creativecommons.org/licenses/by-nc-sa/3.0/</subfield>
  </datafield>
  <datafield tag="520" ind1=" " ind2=" ">
    <subfield code="a">Introducción: la esclerosis múltiple (EM) es una enfermedad crónica, inflamatoria y neurodegenerativa del sistema nervioso central. Numerosos factores incluyen en su evolución, es por esto que se considera una enfermedad vinculada al estilo de vida. Abordar estos factores de riesgo podría ser una estrategia efectiva de medicina preventiva para manejar la evolución de la EM, lo que podría aliviar la carga sobre sus familias y cuidadores, así como el sistema de salud.&lt;br />Objetivos: analizar la influencia de la educación sanitaria en la evolución de pacientes con esclerosis múltiple. Además, conocer y analizar las diferentes intervenciones no farmacológicas que influyen en la evolución de la esclerosis múltiple de manera positiva y así proponer intervenciones enfermeras que ayuden a la evolución favorable de pacientes con EM.&lt;br />Metodología: para el desarrollo de este trabajo fin de grado se ha realizado una búsqueda bibliográfica en las bases de datos Pubmed, Scielo y Cochrane a través de las palabras clave utilizando los operadores booleanos “and y “not”.&lt;br />Desarrollo: las intervenciones educativas basadas en la evidencia, que mejoren el conocimiento de los pacientes, la educación nutricional y de modificación de hábitos relacionados, las técnicas de conservación de energía y la actividad física ayudan a realizar ajustes en el estilo de vida, disminuyen la ansiedad, el estrés, la depresión y la fatiga. Además, mejoran el conocimiento relacionado con la enfermedad, la calidad del sueño, la función física, la autoeficacia, los hábitos alimentarios y la toma de decisiones.&lt;br />Conclusiones: la combinación de la educación sanitaria con dichas intervenciones mejora la calidad de vida y mejora la progresión de la enfermedad de los pacientes con EM. La enfermería desempeña un papel clave en su implementación, por lo que se recomienda reforzar su rol en estos programas.&lt;br />Palabras clave: Esclerosis múltiple, educación sanitaria y progresión de la enfermedad.&lt;br />&lt;br /></subfield>
  </datafield>
  <datafield tag="521" ind1=" " ind2=" ">
    <subfield code="a">Graduado en Enfermería</subfield>
  </datafield>
  <datafield tag="540" ind1=" " ind2=" ">
    <subfield code="a">Derechos regulados por licencia Creative Commons</subfield>
  </datafield>
  <datafield tag="856" ind1="0" ind2=" ">
    <subfield code="f">719855@celes.unizar.es</subfield>
  </datafield>
  <datafield tag="856" ind1="4" ind2=" ">
    <subfield code="s">524477</subfield>
    <subfield code="u">http://zaguan.unizar.es/record/167473/files/TAZ-TFG-2025-372.pdf</subfield>
    <subfield code="y">Memoria (spa)</subfield>
  </datafield>
  <datafield tag="909" ind1="C" ind2="O">
    <subfield code="o">oai:zaguan.unizar.es:167473</subfield>
    <subfield code="p">driver</subfield>
    <subfield code="p">trabajos-fin-grado</subfield>
  </datafield>
  <datafield tag="950" ind1=" " ind2=" ">
    <subfield code="a"></subfield>
  </datafield>
  <datafield tag="691" ind1=" " ind2=" ">
    <subfield code="a">0</subfield>
  </datafield>
  <datafield tag="692" ind1=" " ind2=" ">
    <subfield code="a"></subfield>
  </datafield>
  <datafield tag="700" ind1=" " ind2=" ">
    <subfield code="a">Estrada Fernández, Mª Eugenia</subfield>
    <subfield code="e">dir.</subfield>
  </datafield>
  <datafield tag="710" ind1="2" ind2=" ">
    <subfield code="a">Universidad de Zaragoza</subfield>
    <subfield code="b">Fisiatría y Enfermería</subfield>
    <subfield code="c">Enfermería</subfield>
  </datafield>
  <datafield tag="980" ind1=" " ind2=" ">
    <subfield code="a">TAZ</subfield>
    <subfield code="b">TFG</subfield>
    <subfield code="c">ENFHUES</subfield>
  </datafield>
  <datafield tag="999" ind1=" " ind2=" ">
    <subfield code="a">20250408095143.CREATION_DATE</subfield>
  </datafield>
  <datafield tag="951" ind1=" " ind2=" ">
    <subfield code="a">deposita:2026-01-21</subfield>
  </datafield>
</record>
</collection>